Statistics for Biggest Trading Partners - Georgia

Click here to take the quiz!

General Stats

  • This quiz has been taken 125 times
  • The average score is 12 of 15

Answer Stats

Hint Answer % Correct
7% | 8%Russia
100%
17% | 8%Turkey
99%
8%Armenia
99%
11% | 7%Azerbaijan
96%
6% | 8%China
94%
6%Germany
91%
5%USA
90%
6%Ukraine
84%
10%Bulgaria
47%
4%Uzbekistan
42%
6%Ireland
12%

Score Distribution

Percentile by Number Answered

Percent of People with Each Score

Your Score History

You have not taken this quiz